Leonidas von Tarent /
Disimpan dalam:
| Pengarang Utama: | |
|---|---|
| Format: | Buku |
| Bahasa: | German |
| Diterbitkan: |
Leipzig :
B.G. Teubner,
1896.
|
| Subjek-subjek: | |
| Penanda-penanda: |
Tambah Penanda
Tiada Penanda, Jadilah orang pertama menanda rekod ini!
|
| LEADER | 01240nam a2200265Ii 4500 | ||
|---|---|---|---|
| 001 | 007765521-4 | ||
| 005 | 20020606104010.5 | ||
| 008 | 811008s1896 gw 000 0 ger d | ||
| 035 | 0 | |a ocm07828675 | |
| 040 | |a IXA |c IXA |d HCH | ||
| 050 | 4 | |a PA4225.L6 |b G3 | |
| 090 | |a PA4225.L6 |b G3 | ||
| 100 | 1 | |a Geffcken, Johannes, |d 1861-1935. | |
| 245 | 1 | 0 | |a Leonidas von Tarent / |c von Johannes Geffcken. |
| 260 | |a Leipzig : |b B.G. Teubner, |c 1896. | ||
| 300 | |a 164 p. ; |c 23 cm. | ||
| 500 | |a "Besonderer Abdruck aus dem dreiundzwanzigsten Supplementband der Jahrbücher für classische Philologie." | ||
| 500 | |a Bound with: Callimachi Aetiorum Librum I: prolegomenis testimoniis adnotatione critica auctoribus imitatoribus/ Eugenius Dittrich -- De Homeri auctoritate in cotidiana romanorum vita / J. Tolkiehn | ||
| 504 | |a Includes bibliographical references and index. | ||
| 505 | 0 | |a Eigentum des Leonidas. Text. Kommentar. Rüblick und Zusammenfassung. Register. | |
| 600 | 0 | 0 | |a Leonidas of Tarentum, |d active 294 B.C.-281 B.C. |
| 600 | 0 | 0 | |a Leonidas of Tarentum, |d active 294-281 B. C. |
| 776 | 0 | 8 | |i Online version: |a Geffcken, Johannes, 1861-1935. |t Leonidas von Tarent. |d Leipzig : B.G. Teubner, 1896 |w (OCoLC)979421330 |
| 988 | |a 20020608 | ||
| 906 | |0 OCLC | ||


